| 000 | 00368nam a2200157Ia 4500 | ||
|---|---|---|---|
| 008 | 230312s9999||||xx |||||||||||||| ||und|| | ||
| 020 | _a0-7506-54260 | ||
| 082 |
_a727.083 _bDUD-C |
||
| 100 | _aDudek;Mark | ||
| 245 | 0 | _aChildren's Space | |
| 260 |
_bElsevier _aUK _c2005 |
||
| 300 | _a281 | ||
| 546 | _aEng. | ||
| 650 |
_aArchitecture _vChildren's Space |
||
| 942 | _cBK | ||
| 999 |
_c9151 _d9151 |
||